<?xml version="1.0" encoding="UTF-8"?>
<record
    xmlns:xsi="http://www.w3.org/2001/XMLSchema-instance"
    xsi:schemaLocation="http://www.loc.gov/MARC21/slim http://www.loc.gov/standards/marcxml/schema/MARC21slim.xsd"
    xmlns="http://www.loc.gov/MARC21/slim">

  <leader>00414nam a2200145Ia 4500</leader>
  <controlfield tag="008">231221s9999    xx            000 0 und d</controlfield>
  <datafield tag="041" ind1=" " ind2=" ">
    <subfield code="a">English</subfield>
  </datafield>
  <datafield tag="082" ind1=" " ind2=" ">
    <subfield code="a">001.6424JAV  MAR;5</subfield>
  </datafield>
  <datafield tag="100" ind1=" " ind2=" ">
    <subfield code="a">Maruyama, Hiroshi Tamura, Kent Uramoto, Naohiko</subfield>
  </datafield>
  <datafield tag="245" ind1=" " ind2="0">
    <subfield code="a">XML and Java: Developing web applications</subfield>
  </datafield>
  <datafield tag="260" ind1=" " ind2=" ">
    <subfield code="c">1999</subfield>
    <subfield code="b">Massachusetts : Addison-Wesley,</subfield>
  </datafield>
  <datafield tag="300" ind1=" " ind2=" ">
    <subfield code="a">ix+386</subfield>
  </datafield>
  <datafield tag="650" ind1=" " ind2=" ">
    <subfield code="a">XML &amp; JAVA</subfield>
  </datafield>
  <datafield tag="942" ind1=" " ind2=" ">
    <subfield code="c">CD</subfield>
  </datafield>
  <datafield tag="999" ind1=" " ind2=" ">
    <subfield code="c">202096</subfield>
    <subfield code="d">202096</subfield>
  </datafield>
  <datafield tag="952" ind1=" " ind2=" ">
    <subfield code="r">2024-01-26 00:00:00</subfield>
    <subfield code="l">0</subfield>
    <subfield code="o">001.6424JAV  MAR;5</subfield>
    <subfield code="p">CD137</subfield>
    <subfield code="w">2024-01-26</subfield>
    <subfield code="y">CD</subfield>
    <subfield code="1">0</subfield>
    <subfield code="4">0</subfield>
    <subfield code="7">0</subfield>
    <subfield code="8">CL</subfield>
    <subfield code="0">0</subfield>
    <subfield code="a">ML</subfield>
    <subfield code="b">ML</subfield>
    <subfield code="d">0000-00-00</subfield>
    <subfield code="e">Sai Books</subfield>
    <subfield code="E">MCA</subfield>
    <subfield code="K">1091</subfield>
    <subfield code="L">10/08/2009</subfield>
    <subfield code="G">RS</subfield>
    <subfield code="F">1</subfield>
    <subfield code="V">0</subfield>
    <subfield code="W">0</subfield>
  </datafield>
  <datafield tag="952" ind1=" " ind2=" ">
    <subfield code="r">2024-01-26 00:00:00</subfield>
    <subfield code="l">0</subfield>
    <subfield code="o">001.6424JAV  MAR;6</subfield>
    <subfield code="p">CD138</subfield>
    <subfield code="w">2024-01-26</subfield>
    <subfield code="y">CD</subfield>
    <subfield code="1">0</subfield>
    <subfield code="4">0</subfield>
    <subfield code="7">0</subfield>
    <subfield code="8">CL</subfield>
    <subfield code="0">0</subfield>
    <subfield code="a">ML</subfield>
    <subfield code="b">ML</subfield>
    <subfield code="d">0000-00-00</subfield>
    <subfield code="e">Sai Books</subfield>
    <subfield code="E">MCA</subfield>
    <subfield code="K">1091</subfield>
    <subfield code="L">10/08/2009</subfield>
    <subfield code="G">RS</subfield>
    <subfield code="F">1</subfield>
    <subfield code="V">0</subfield>
    <subfield code="W">0</subfield>
  </datafield>
  <datafield tag="952" ind1=" " ind2=" ">
    <subfield code="r">2024-01-26 00:00:00</subfield>
    <subfield code="l">0</subfield>
    <subfield code="o">001.6424JAV  MAR;7</subfield>
    <subfield code="p">CD139</subfield>
    <subfield code="w">2024-01-26</subfield>
    <subfield code="y">CD</subfield>
    <subfield code="1">0</subfield>
    <subfield code="4">0</subfield>
    <subfield code="7">0</subfield>
    <subfield code="8">CL</subfield>
    <subfield code="0">0</subfield>
    <subfield code="a">ML</subfield>
    <subfield code="b">ML</subfield>
    <subfield code="d">0000-00-00</subfield>
    <subfield code="e">Sai Books</subfield>
    <subfield code="E">MCA</subfield>
    <subfield code="K">1091</subfield>
    <subfield code="L">19/08/2009</subfield>
    <subfield code="G">RS</subfield>
    <subfield code="F">1</subfield>
    <subfield code="V">0</subfield>
    <subfield code="W">0</subfield>
  </datafield>
  <datafield tag="952" ind1=" " ind2=" ">
    <subfield code="r">2024-01-26 00:00:00</subfield>
    <subfield code="l">0</subfield>
    <subfield code="o">001.6424JAV   MAR;2</subfield>
    <subfield code="p">CD187</subfield>
    <subfield code="w">2024-01-26</subfield>
    <subfield code="y">CD</subfield>
    <subfield code="1">0</subfield>
    <subfield code="4">0</subfield>
    <subfield code="7">0</subfield>
    <subfield code="8">CL</subfield>
    <subfield code="0">0</subfield>
    <subfield code="a">ML</subfield>
    <subfield code="b">ML</subfield>
    <subfield code="d">0000-00-00</subfield>
    <subfield code="E">MCA</subfield>
    <subfield code="K">1059</subfield>
    <subfield code="L">08/08/2009</subfield>
    <subfield code="G">RS</subfield>
    <subfield code="F">1</subfield>
    <subfield code="V">0</subfield>
    <subfield code="W">0</subfield>
  </datafield>
  <datafield tag="952" ind1=" " ind2=" ">
    <subfield code="r">2024-01-26 00:00:00</subfield>
    <subfield code="l">0</subfield>
    <subfield code="o">001.6424JAV  MAR;3</subfield>
    <subfield code="p">CD49</subfield>
    <subfield code="w">2024-01-26</subfield>
    <subfield code="y">CD</subfield>
    <subfield code="1">0</subfield>
    <subfield code="4">0</subfield>
    <subfield code="7">0</subfield>
    <subfield code="8">CL</subfield>
    <subfield code="0">0</subfield>
    <subfield code="a">ML</subfield>
    <subfield code="b">ML</subfield>
    <subfield code="d">0000-00-00</subfield>
    <subfield code="L">27/08/2009</subfield>
    <subfield code="G">RS</subfield>
    <subfield code="F">1</subfield>
    <subfield code="V">0</subfield>
    <subfield code="W">0</subfield>
  </datafield>
</record>
